000 01812cam a2200157 4500500
005 20260208005942.0
041 _afre
042 _adc
100 1 0 _aMazouer, Charles
_eauthor
245 0 0 _aCe que tragédie et tragique veulent dire dans les écrits théoriques du XVIe siècle
260 _c2009.
500 _a84
520 _aPour qui cherche à connaître — en oubliant provisoirement toute la méditation moderne sur le tragique lancée par l’idéalisme allemand — la conception que les gens du XVIe siècle se faisaient du tragique et de la tragédie, les écrits théoriques sur le genre tragique, mais aussi tout ce paratexte de dédicaces et d’avis au lecteur qui accompagnait la publication des tragédies, sont riches d’enseignement. Il est vrai que le XVIe siècle donne à la notion de tragédie une large extension : l’histoire et la vie contemporaine sont tragiques ; et la tragédie déborde du genre théâtral pour envahir la nouvelle. Et toujours avec des conceptions proches de celles que mettent en valeur les écrits théoriques sur le théâtre tragique proprement dit. Ceux-ci développent trois thématiques essentielles : la tragédie est spectacle du malheur, en particulier des grands — auxquels ne le cantonnaient pas les Histoires tragiques ; elle propose une leçon morale, à tous mais particulièrement aux grands qui s’y voient comme en un miroir ; elle montre finalement la puissance de cette instance métaphysique qu’est la Fortune, avec toutes les discussions attachés au concept, réprouvé par les chrétiens.
786 0 _nRevue d'histoire littéraire de la France | 109 | 1 | 2009-02-17 | p. 71-84 | 0035-2411
856 4 1 _uhttps://shs.cairn.info/revue-d-histoire-litteraire-de-la-france-2009-1-page-71?lang=fr&redirect-ssocas=7080
999 _c1654544
_d1654544